| 000 | 00619nam a2200241 u 4500 | ||
|---|---|---|---|
| 001 | 1654 | ||
| 005 | 20260428104220.0 | ||
| 008 | 950426s1986 eng | ||
| 020 | _a0471862061 | ||
| 035 | _a1654 | ||
| 035 | _a(OCoLC)638123709 | ||
| 040 | _ccomduadb | ||
| 041 | _aeng | ||
| 082 | 4 | _a621 | |
| 100 | 1 | 0 |
_aGross, Charles A. _4aut _eaut _9238671 |
| 245 | 1 | 0 | _aPower system analysis |
| 250 | _a2.Ed. | ||
| 260 |
_aEstados Unidos : _bJohn Wiley, _c1986. |
||
| 300 | _a593 páginas | ||
| 500 | _aCompra:John Wiley:Ago/94. | ||
| 650 | 7 |
_aSistemas de energía eléctrica _2lemb _91191 |
|
| 942 | _cBOOK | ||
| 999 |
_c2425 _d2425 |
||